A beginner's guide to unix / (Record no. 37520)

MARC details
000 -LEADER
fixed length control field 00745nam a22002177a 4500
005 - DATE AND TIME OF LATEST TRANSACTION
control field 20100724120450.0
010 ## - LCCN (DPL NO)
LC control number ENG-96669
020 ## - INTERNATIONAL STANDARD BOOK NUMBER
International Standard Book Number 9788120337862
Terms of availability 195.00
035 ## - SYSTEM CONTROL NUMBER
System control number EN-80202
037 ## - SOURCE OF ACQUISITION
Source of stock number/acquisition DBAD/PUB
082 ## - DEWEY DECIMAL CLASSIFICATION NUMBER
Classification number 005.432
100 ## - MAIN ENTRY--PERSONAL NAME
Personal name Gopalan, N.P.
245 ## - TITLE STATEMENT
Title A beginner's guide to unix /
Statement of responsibility, etc by N.P. Gopalan and B. Sivaselvan
260 ## - PUBLICATION, DISTRIBUTION, ETC. (IMPRINT)
Place of publication, distribution, etc New Delhi
Name of publisher, distributor, etc PHI Learning
Date of publication, distribution, etc 2009
270 ## - ADDRESS
Address M-97, Connaught Circus
City New Delhi
Postal code 110001
300 ## - PHYSICAL DESCRIPTION
Extent xi, 272p.
Dimensions 24cm (pbk)
500 ## - GENERAL NOTE
General note includes bibliography, index
700 ## - ADDED ENTRY--PERSONAL NAME
Personal name Sivaselvan, B.
9 (RLIN) 1202
942 ## - ADDED ENTRY ELEMENTS (KOHA)
Source of classification or shelving scheme Dewey Decimal Classification
Item type English Books
Call number suffix GOP
Classification part 005.432
Holdings
Withdrawn status Lost status Not for loan Collection code Home library Current library Date acquired Source of acquisition Cost, normal purchase price Full call number Barcode Copy number Cost, replacement price Koha item type
    Not For Loan Non-fiction D.B.Act.Division D.B.Act.Division 24/07/2010 DBAD/PUB 195.00 GOP EN-80202 1 195.00 English Books

© Delhi Public Library
Hit Counter
free hit counter